[Event "Regionalliga Sued-West 1819"]
[Site "Bayern"]
[Date "2019.02.03"]
[Round "6.8"]
[White "Tibitanzl, Thomas"]
[Black "Zellweger, Wilfried"]
[Result "1-0"]
[WhiteElo "1979"]
[BlackElo "1888"]
[PlyCount "55"]
[EventDate "2018.10.21"]
[EventType "team-tourn"]
[EventRounds "9"]
[EventCountry "GER"]
[SourceTitle "EXT 2022"]
[Source "ChessBase"]
[SourceDate "2021.10.06"]
[SourceVersion "1"]
[SourceVersionDate "2021.10.06"]
[SourceQuality "1"]
[WhiteTeam "Zugzwang MSA II"]
[BlackTeam "Tuerkheim/Bad Woerishofen"]
[WhiteTeamCountry "GER"]
[BlackTeamCountry "GER"]

1. d4 d5 2. Nf3 Nf6 3. c4 c6 4. Nc3 e6 5. Bg5 dxc4 6. e4 b5 7. e5 h6 8. Bh4 g5 9. Nxg5 hxg5 10. Bxg5 Nbd7 11. g3 Qb6 12. exf6 Bb7 13. Bg2 c5 14. dxc5 Bxc5 15. 0-0 0-0-0 16. Qe2 Bd4 17. Bxb7+ Qxb7 18. Qe4 Ne5 19. Qxb7+ Kxb7 20. Kg2 b4 21. Na4 Nd3 22. Rab1 Kc6 23. h4 Rd5 24. f4 Ra5 25. b3 c3 26. Rbd1 Rd5 27. Rxd3 Rhd8 28. Rc1 1-0

[Event "Regionalliga SW 1617"]
[Site "Bayern"]
[Date "2017.04.02"]
[Round "8.7"]
[White "Dirmeier, Carolin"]
[Black "Zellweger, Wilfried"]
[Result "0-1"]
[WhiteElo "1945"]
[BlackElo "1892"]
[PlyCount "124"]
[EventDate "2016.10.16"]
[EventType "team-tourn"]
[EventRounds "9"]
[EventCountry "GER"]
[SourceTitle "EXT 2019"]
[Source "ChessBase"]
[SourceDate "2018.10.10"]
[SourceVersion "1"]
[SourceVersionDate "2018.10.10"]
[SourceQuality "1"]
[WhiteTeam "Bayern Muenchen III"]
[BlackTeam "Tuerkheim/Bad Woerishofen"]
[WhiteTeamCountry "GER"]
[BlackTeamCountry "GER"]

1. e4 d5 2. exd5 Nf6 3. d4 Nxd5 4. Nf3 Bg4 5. Be2 e6 6. Ne5 Bxe2 7. Qxe2 c6 8. 0-0 Be7 9. c4 Nf6 10. Be3 0-0 11. Nc3 Nbd7 12. f4 c5 13. Nxd7 Nxd7 14. d5 exd5 15. Nxd5 Nf6 16. Rad1 Nxd5 17. Rxd5 Qc7 18. Qh5 b6 19. Qe5 Qxe5 20. fxe5 Rfd8 21. Rfd1 Kf8 22. Kf2 Ke8 23. Kf3 Rac8 24. Ke4 Rc7 25. Kf5 Rc6 26. g3 Re6 27. Rxd8+ Bxd8 28. Rd6 Rxd6 29. exd6 Kd7 30. Bf4 g6+ 31. Ke5 a6 32. a4 h5 33. a5 b5 34. Kd5 bxc4 35. Kxc5 Bxa5 36. Be5 Bd8 37. Kd5 g5 38. h3 f5 39. Kxc4 Ke6 40. Bc3 Kxd6 41. Bg7 Bb6 42. Bh6 Bd8 43. Bg7 Ke6 44. b3 g4 45. hxg4 fxg4 46. Bc3 Bc7 47. Be1 Ke5 48. Kd3 Bb6 49. Bc3+ Kd5 50. Bf6 Bc7 51. Bh4 Be5 52. Ke3 Bd6 53. Kd3 Ke5 54. Bg5 Kf5 55. Bh4 Be5 56. Ke3 Bf6 57. Bxf6 Kxf6 58. Ke4 Kg5 59. Ke3 h4 60. gxh4+ Kxh4 61. Kf2 Kh3 62. Kg1 a5 0-1

[Event "Regionalliga SW 1213"]
[Site "Bayern"]
[Date "2012.11.25"]
[Round "3.7"]
[White "Zellweger, Wilfried"]
[Black "Pitl, Jarno"]
[Result "1/2-1/2"]
[WhiteElo "1944"]
[BlackElo "1810"]
[PlyCount "70"]
[EventDate "2012.10.14"]
[EventType "team-tourn"]
[EventRounds "9"]
[EventCountry "GER"]
[SourceTitle "EXT 2015"]
[Source "ChessBase"]
[SourceDate "2014.11.20"]
[SourceVersion "1"]
[SourceVersionDate "2014.11.20"]
[SourceQuality "1"]
[WhiteTeam "Tuerkheim/Bad Woerishofen"]
[BlackTeam "Goeggingen"]
[WhiteTeamCountry "GER"]
[BlackTeamCountry "GER"]

1. e4 d5 2. exd5 Nf6 3. d4 Bg4 4. Nf3 Nxd5 5. Be2 e6 6. 0-0 Be7 7. c3 Nd7 8. Nbd2 N7f6 9. Re1 0-0 10. Nf1 c5 11. Ng3 Qc7 12. h3 Bxf3 13. Bxf3 Rfd8 14. dxc5 Nxc3 15. Qc2 Ncd5 16. Ne4 Rac8 17. Qa4 Nxe4 18. Bxe4 Qxc5 19. Be3 Nxe3 20. Rxe3 b5 21. Qb3 Bf6 22. Re2 Qc4 23. Qxc4 Rxc4 24. Rae1 Rcd4 25. b3 b4 26. Rc2 Rd2 27. Rec1 Bc3 28. Rxd2 Rxd2 29. Rc2 Rd1+ 30. Kh2 f5 31. Bf3 Re1 32. Re2 Kf7 33. Rxe1 Bxe1 34. Kg1 Kf6 35. Kf1 Bc3 1/2-1/2

[Event "Regionalliga SW 1112"]
[Site "Bayern"]
[Date "2012.04.15"]
[Round "9.5"]
[White "Zellweger, Wilfried"]
[Black "Baumgartl, Heinz"]
[Result "1/2-1/2"]
[WhiteElo "1915"]
[BlackElo "1822"]
[PlyCount "94"]
[EventDate "2011.10.02"]
[EventType "team-tourn"]
[EventRounds "9"]
[EventCountry "GER"]
[SourceTitle "EXT 2015"]
[Source "ChessBase"]
[SourceDate "2014.11.20"]
[SourceVersion "1"]
[SourceVersionDate "2014.11.20"]
[SourceQuality "1"]
[WhiteTeam "Tuerkheim/Bad Woerishofen"]
[BlackTeam "Schwabing SG Nord"]
[WhiteTeamCountry "GER"]
[BlackTeamCountry "GER"]

1. e4 d6 2. d4 Nf6 3. Nc3 g6 4. f4 Bg7 5. Nf3 c5 6. dxc5 Qa5 7. Bd3 Qxc5 8. Qe2 Nc6 9. Be3 Qa5 10. 0-0 0-0 11. Kh1 Bg4 12. h3 Nh5 13. Qf2 Bxf3 14. Qxf3 Bxc3 15. bxc3 Qxc3 16. Rab1 Rab8 17. Rb3 Qf6 18. g4 Ng7 19. Qf2 b6 20. Bc4 g5 21. f5 Qh6 22. Bd2 Na5 23. Bxa5 bxa5 24. Kg2 Rbc8 25. Bd3 Rc5 26. Rb7 Qf6 27. Rfb1 Qe5 28. Rxa7 e6 29. Rbb7 exf5 30. exf5 Qd5+ 31. Qf3 Qxf3+ 32. Kxf3 Ne8 33. Rb5 Rxb5 34. Bxb5 Nf6 35. Rxa5 Rb8 36. a4 Rc8 37. Bd3 Nd7 38. Ra7 Ne5+ 39. Ke4 Kg7 40. a5 Kf6 41. a6 h5 42. gxh5 Rh8 43. Rb7 Nxd3 44. cxd3 Rxh5 45. Kd5 Rxh3 46. d4 Ra3 47. a7 g4 1/2-1/2

[Event "Regionalliga SW 1112"]
[Site "Bayern"]
[Date "2011.10.02"]
[Round "1.6"]
[White "Zellweger, Wilfried"]
[Black "Rippler, Andreas"]
[Result "1-0"]
[WhiteElo "1915"]
[BlackElo "1929"]
[PlyCount "57"]
[EventDate "2011.10.02"]
[EventType "team-tourn"]
[EventRounds "9"]
[EventCountry "GER"]
[SourceTitle "EXT 2013"]
[Source "ChessBase"]
[SourceDate "2012.11.22"]
[SourceVersion "1"]
[SourceVersionDate "2012.11.22"]
[SourceQuality "1"]
[WhiteTeam "Tuerkheim/Bad Woerishofen"]
[BlackTeam "Haar"]
[WhiteTeamCountry "GER"]
[BlackTeamCountry "GER"]

1. e4 e6 2. d4 d5 3. Nc3 Bb4 4. Bd2 Ne7 5. Qg4 Ng6 6. e5 c5 7. a3 cxd4 8. axb4 dxc3 9. Bxc3 Nc6 10. Nf3 Qc7 11. Bd3 Bd7 12. 0-0 Nce7 13. h4 f5 14. exf6 e5 15. Bxg6+ hxg6 16. Qg5 Rh5 17. Bxe5 Qb6 18. Qd2 gxf6 19. Bd4 Qc6 20. Rfe1 Kf7 21. Bc5 Nf5 22. Nd4 Nxd4 23. Re7+ Kg8 24. Qxd4 Re8 25. b5 Qxb5 26. Qxf6 Rxe7 27. Bxe7 Qb6 28. Qf8+ Kh7 29. Bf6 1-0

[Event "Regionalliga SW 0809"]
[Site "Bayern"]
[Date "2009.02.01"]
[Round "6.8"]
[White "Gulde, Josef"]
[Black "Zellweger, Wilfried"]
[Result "0-1"]
[WhiteElo "1862"]
[BlackElo "1967"]
[PlyCount "64"]
[EventDate "2008.10.05"]
[EventType "team-tourn"]
[EventRounds "9"]
[EventCountry "GER"]
[SourceTitle "EXT 2020"]
[Source "ChessBase"]
[SourceDate "2019.10.17"]
[SourceVersion "1"]
[SourceVersionDate "2019.10.17"]
[SourceQuality "1"]
[WhiteTeam "Krumbach II"]
[BlackTeam "Tuerkheim"]
[WhiteTeamCountry "GER"]
[BlackTeamCountry "GER"]

1. d4 d5 2. c4 c6 3. Nc3 Nf6 4. Nf3 e6 5. Bg5 dxc4 6. e4 b5 7. e5 h6 8. Bh4 g5 9. exf6 gxh4 10. Ne5 Qxf6 11. Be2 Nd7 12. Nxc6 Bb7 13. Bf3 a6 14. 0-0 Bg7 15. Re1 0-0 16. Ne7+ Qxe7 17. Bxb7 Rad8 18. Bxa6 Nc5 19. Bxb5 Rxd4 20. Qf3 Nd3 21. Re4 Rfd8 22. Rxd4 Rxd4 23. Ne2 Ne5 24. Qa8+ Rd8 25. Qe4 Qc5 26. a4 Rd2 27. Qa8+ Kh7 28. Qe4+ f5 29. b4 fxe4 30. bxc5 Rxe2 31. Rc1 Nd3 32. Rf1 c3 0-1

[Event "Regionalliga SW 0809"]
[Site "Bayern"]
[Date "2008.12.14"]
[Round "4.7"]
[White "Zellweger, Wilfried"]
[Black "Weinberger, Wolfgang"]
[Result "1/2-1/2"]
[WhiteElo "1967"]
[BlackElo "2039"]
[PlyCount "40"]
[EventDate "2008.10.05"]
[EventType "team-tourn"]
[EventRounds "9"]
[EventCountry "GER"]
[SourceTitle "EXT 2020"]
[Source "ChessBase"]
[SourceDate "2019.10.17"]
[SourceVersion "1"]
[SourceVersionDate "2019.10.17"]
[SourceQuality "1"]
[WhiteTeam "Tuerkheim"]
[BlackTeam "Garching II"]
[WhiteTeamCountry "GER"]
[BlackTeamCountry "GER"]

1. e4 e6 2. d4 d5 3. Nc3 Bb4 4. Bd2 dxe4 5. Qg4 Qxd4 6. Nf3 f5 7. Nxd4 fxg4 8. Nxe4 Bxd2+ 9. Nxd2 Nf6 10. Bc4 Nd5 11. 0-0 c5 12. Nb5 a6 13. Nd6+ Ke7 14. Nxc8+ Rxc8 15. Rfe1 Nc7 16. Ne4 Nd7 17. Rad1 b5 18. Be2 c4 19. Bxg4 Rd8 20. Ng5 Nf8 1/2-1/2